Statistiche per Città e Regioni - Quiz n°6

Clicka qui per fare il quiz!

Statistiche generali

  • Questo quiz è stato fatto 33 volte
  • Il punteggio medio è 7 su 10

Statistiche sulle risposte

HintRisposta% Corretto
VercelliPiemonte
96%
EmpoliToscana
87%
LicataSicilia
78%
DesioLombardia
74%
BiscegliePuglia
74%
OrvietoUmbria
70%
CodroipoFriuli-Venezia Giulia
61%
CentoEmilia-Romagna
52%
CoratoPuglia
43%
MonterotondoLazio
39%

Distribuzione punteggi

Percentile per numero di risposta

Percentuale di utenti per punteggio

I tuoi punteggi nel tempo

Non hai fatto questo quiz